000 00602nam a22002057a 4500
005 20240229120324.0
010 _aENG-139482
020 _a9788194031239
_c475.00
035 _aEN-123014
037 _bDBAD/PUB
082 _a158
_23
100 _aSwain Smarak
_962586
245 _aApplied Psychology/
_bFor Civil Services Main Examination/
_hEnglish
260 _aGurugram
_bOakBridge Publishing Pvt. Ltd.
270 _aM 35, 1st Floor, Old DLF, Grugram
_bHaryana
_e122001
300 _a452Pages;
_c24cm(pbk)
700 _961835
760 _b1
942 _cEN
_h158
_2ddc
_mSWA
999 _c201129
_d201129